Lord of the Rings & The Hobbit: Most Recurring Characters - Statistics

General Stats
  • This quiz has been taken 425 times
    407 since last reset
  • The average score is 26 of 33
Answer Stats
Appearances Character % Correct
5 Bilbo Baggins
99%
4 Frodo Baggins
97%
6 Gandalf
97%
5 Legolas
94%
5 Elrond
90%
3 Samwise Gamgee
90%
3 Thorin Oakenshield
90%
3 Gimli
89%
3 Meriadoc "Merry" Brandybuck
88%
3 Peregrin "Pippin" Took
88%
6 Sauron
88%
3 Aragorn
87%
6 Galadriel
87%
4 Saruman the White
87%
4 Gloin
85%
3 Kili
81%
3 Balin
80%
3 Fili
80%
3 Oin
78%
3 Bofur
77%
3 Bombur
77%
3 Arwen
75%
3 Bifur
75%
3 Nori
75%
3 Dwalin
74%
3 Ori
73%
3 Dori
70%
4 Gollum
70%
3 Radagast the Brown
61%
3 Thranduil
58%
3 Smaug
53%
3 Azog the Defiler
42%
3 Witch-king of Angmar
34%
No matching quizzes found
Score Distribution
Percent of People with Each Score
Percentile by Number Answered
Your Score History
You have not taken this quiz since the last reset